=LDR 00000nam 2200000 4500 =001 INLIS000000000024135 =005 20200611075117 =035 ##$$a 0010-061300000024135 =008 200611################g##########0#ind## =041 ##$$a Ind =082 ##$$a 2X4.13 =090 ##$$a 2X4.13, Ulw f =100 ##$$a Ulwan, Abdullah Nasahih =245 1#$$a Fadilah ramadhan dan hukum-hukumnya /$c Abdullah Nashih Ulwan =260 ##$$a Yogyakarta :$b Mitra Pustaka,$c 2002 =300 ##$$a 118 hlm. ; $c 20 x 12 cm. =650 #4$$a Puasa =850 ##$$a NBPNMAT =084 ##$$a 2X4.13 ULW f =250 ##$$a cet. 1 =990 ##$$a 1037055 =990 ##$$a 1037056 =990 ##$$a 1037057 =990 ##$$a 1037058 =990 ##$$a 1037058 =990 ##$$a 1037055 =990 ##$$a 1037056 =990 ##$$a 1037057 =990 ##$$a 1037055 =990 ##$$a 1037056 =990 ##$$a 1037057 =990 ##$$a 1037058 =990 ##$$a 1037056 =990 ##$$a 1037055 =990 ##$$a 1037057 =990 ##$$a 1037058 =990 ##$$a 1037057 =990 ##$$a 1037055 =990 ##$$a 1037056 =990 ##$$a 1037058